00640nam a22001817a 450000500170000001000150001702000260003203500140005803700090007208200110008110000160009224500600010825000060016826000570017427000890023130000260032050001120034620241129111644.0 aENG-142719 c655.00a9789357056359 aEN-126251 bDBAD a50021 aSharma, Om  aJEE Advanced Mathematics:bTrigonometry/cBy Om Sharma  a1 aUttar PradeshbPearson India Education Pvt Ltdc2025 bUttar Pradesha1st FLoor, Berger Tower, Plot No. C-001A/2, Sector-16B, Noidae201301 avpp.c28cm(pb)bIndex aIncludes 2000+ Problems with Solutions | Includes JEE 2013-2024 Questions and Chapter Wise Video strategics